<?xml version="1.0" encoding="UTF-8"?>
<record
    xmlns:xsi="http://www.w3.org/2001/XMLSchema-instance"
    xsi:schemaLocation="http://www.loc.gov/MARC21/slim http://www.loc.gov/standards/marcxml/schema/MARC21slim.xsd"
    xmlns="http://www.loc.gov/MARC21/slim">

  <leader>00718cam a22001812a 4500</leader>
  <controlfield tag="001">ca 15000191 </controlfield>
  <controlfield tag="003">DLC</controlfield>
  <controlfield tag="005">20260227111059.0</controlfield>
  <controlfield tag="008">860212m17931794ru            000 0druso </controlfield>
  <datafield tag="010" ind1=" " ind2=" ">
    <subfield code="a">ca 15000191 </subfield>
    <subfield code="z">   59059611 </subfield>
  </datafield>
  <datafield tag="040" ind1=" " ind2=" ">
    <subfield code="a">DLC</subfield>
    <subfield code="c">DLC</subfield>
    <subfield code="d">DLC</subfield>
  </datafield>
  <datafield tag="050" ind1="0" ind2="0">
    <subfield code="a">DK70.S6</subfield>
    <subfield code="b">B6</subfield>
  </datafield>
  <datafield tag="100" ind1="1" ind2=" ">
    <subfield code="a">Boltin, Ivan Nikitich,</subfield>
    <subfield code="d">1735-1792.</subfield>
  </datafield>
  <datafield tag="245" ind1="1" ind2="0">
    <subfield code="a">Kritichesk&#x12B;i&#x361;a primi&#x361;echan&#x12B;i&#x361;a na pervy&#x12D; [-vtoro&#x12D;] tom Istor&#x12B;i kni&#x361;azi&#x361;a Shcherbatova.</subfield>
  </datafield>
  <datafield tag="260" ind1=" " ind2=" ">
    <subfield code="a">V Sanktpeterburgi&#x361;e :</subfield>
    <subfield code="b">V Tip. Korpusa chuzhestrannykh edinovi&#x361;ert&#x361;sov,</subfield>
    <subfield code="c">1793-1794.</subfield>
  </datafield>
  <datafield tag="300" ind1=" " ind2=" ">
    <subfield code="a">2 v. ;</subfield>
    <subfield code="c">26 cm.</subfield>
  </datafield>
  <datafield tag="600" ind1="1" ind2="0">
    <subfield code="a">Shcherbatov, M. M.</subfield>
    <subfield code="q">(Mikhail Mikha&#x12D;lovich),</subfield>
    <subfield code="c">kni&#x361;az&#x2B9;,</subfield>
    <subfield code="d">1733-1790.</subfield>
    <subfield code="t">Istorii&#x361;a ross&#x12B;&#x12D;skai&#x361;a ot drevni&#x361;eshikh vremi&#x361;an.</subfield>
  </datafield>
  <datafield tag="999" ind1=" " ind2=" ">
    <subfield code="c">14794</subfield>
    <subfield code="d">14794</subfield>
  </datafield>
</record>
